000 00767nam a2200205 a 4500
008 120416s1987 ||||||||||||||||| || u
020 _a0582647053
050 _aQK 391 Ber
100 _aBerrie, G. K
245 1 0 _aTropical plant science
260 _aEssex
_bLongman Scientific & Technical Wiley
_c1987
300 _avi, 410 p. : ill.
350 _a0.00
650 _aBOTANY
650 _aBOTANY--TROPICS
700 _aBerrie, A
700 _aEze, J. M. O
995 _aBINDERY (DAMAGED)
_D0.00
_e728843
_FCBU-MAIN LIBRARY (Kitwe)
_H2
_I18.50
_jQK 391 Ber
_M2
_UDAMAGED
_y020717
_ZMain Library Open Access Collection
995 _aBINDERY (DAMAGED)
_D0.00
_e728842
_FCBU-MAIN LIBRARY (Kitwe)
_H1
_I18.50
_jQK 391 Ber
_M1
_UDAMAGED
_y020716
_ZMain Library Open Access Collection
999 _c81448
_d81448